| 000 | 004790000a22001570004500 | ||
|---|---|---|---|
| 003 | MACL | ||
| 005 | 20170809124848.0 | ||
| 008 | 170809b xxu||||| |||| 00| 0 eng d | ||
| 040 |
_a _cmacl |
||
| 100 |
_aशुक्ल ,आचार्य रामचन्द्र _968578 |
||
| 245 | _aशशांक | ||
| 260 |
_aज्ञान गंगा _c2008 |
||
| 350 | _a300 | ||
| 650 |
_aउपन्यास _968579 |
||
| 942 |
_cBK _k891433/SHU _2ddc |
||
| 999 |
_c46250 _d46250 |
||